000 00691nam a2200229Ia 4500
003 OSt
005 20221007081954.0
006 a|||||r|||| 00| 0
007 ta
008 221006b |||||||| |||| 00| 0 eng d
024 _a46,026
037 _cTextual
040 _aFLL
_cFLL
_beng
041 _2eng
_aeng
082 _aY:451, Q8
100 _aIKEORA May Au.
_9698406
245 0 _aBilateral cooperation and human trafficking
_b Eradicating modern slavery between the United kingdom and Nigeria
260 _aSwitzerland
_bPalgrave Macmillan
_c2018
300 _axiii,294p.
_ccm.
942 _hY:451, Q8
_cTEXL
_2CC
999 _c1164899
_d1164899